| 000 | 00672nam a2200169 4500 | ||
|---|---|---|---|
| 001 | 138565 | ||
| 003 | ES-MaACL | ||
| 007 | t| | ||
| 008 | 070214m19121923ec r ||||1| spa d | ||
| 100 | 1 |
_aSanta Cruz y Espejo, Francisco Javier Eugenio. _9103240 |
|
| 245 | 1 | 0 |
_aEscritos del doctor Francisco Javier Eugenio Santa Cruz y Espejo / _ceditado por Jacinto Jijón y Caamaño y Homero Viteri Lafronte ; introducción de Homero Viteri Lafronte. _n, . Tomo III. |
| 260 |
_aQuito : _bEd. Artes Gráficas, _c1912-23. |
||
| 300 |
_aLVI, 322 p. ; _c26 cm. |
||
| 700 | 1 |
_aLijón y Caamaño, Jacinto. _972280 |
|
| 700 | 1 |
_aViteri Lafrante, Homero. _9115511 |
|
| 852 |
_aES-MaACL _jC-7118 |
||
| 999 |
_c138565 _d138565 |
||